Word Ladder: Herbal Remedy Quiz Stats

 Plays Quiz Updated Aug 29, 2015

Challenge
Share
Tweet
Embed
Score 0/19 Timer 03:00
1 Play Today
Hint Word % Correct
His and ____HERS
95.9%
What moving fluids do, such as in a riverFLOW
95.6%
A mammal with antlersDEER
94.7%
An imperfectionFLAW
94.6%
A fermented alcoholic drinkBEER
94%
Female chickensHENS
93.6%
A curved, pointy nail, used mainly by carnivoresCLAW
92.5%
A hairy mammalBEAR
91.6%
You do this the night before a testCRAM
90.7%
Something of poor quality, or fecesCRAP
90.6%
Hint Word % Correct
____ your handsCLAP
90.5%
____ me up, ScottyBEAM
87.4%
Often living rooms in housesDENS
84%
Children's entertainers Sharon, Lois and ____BRAM
79.1%
Radio personality Rick ____DEES
78.9%
The queen of Greek godsHERA
78%
A chunk of floating iceFLOE
56%
With [last rung], a common herbal medicineALOE
49.4%
With [first rung], a common herbal medicineVERA
47.3%

Today's Daily Dose

You're not logged in!

Compare scores with friends on all Sporcle quizzes.
Join for Free
OR
Log In

You Might Also Like...

Show Comments

Extras

Top Quizzes Today


Score Distribution

Your Account Isn't Verified!

In order to create a playlist on Sporcle, you need to verify the email address you used during registration. Go to your Sporcle Settings to finish the process.

Report this User

Report this user for behavior that violates our Community Guidelines.

Details: